El derecho de los militares a elegir y ser electos /

Guardado en:
書目詳細資料
主要作者: López, Chávez, Carlos
格式: Texto
標簽: 添加標簽
沒有標簽, 成為第一個標記此記錄!

MARC

LEADER 00000 a a2200000 04500
001 45513
003
040 |a CRAI/IIS  |c CRAI/IIS 
090 |a REV0780 (37)1999  
100 |a López, Chávez, Carlos  
245 |a El derecho de los militares a elegir y ser electos /  |c Carlos López Chávez  
773 |g número37, V Epoca (1999), páginas 119-129  
999 |c 18206  |d 18206